LDR 00744naa#a2200169#i#450# 001 EN\\bibl\116691 005 20260430114026.4 011 ## _a1994-4683 100 ## _a20260429b2026####ek#y0engy0150####ca 102 ## _aRU 200 1# _aThe socio-pedagogical potential of the 'Adaptive Physical Culture' competency at the Abilympics Championship _eJournal article 210 1# _aMoscow _cNational State University of Physical Education, Sports and Health named after P.F. Lesgaft _d2026 215 ## _a5 с. 608 ## _aJournal article _2local 675 ## _aРоль физкультуры и спорта в воспитании и общем развитии личности. 796.011.1 _z 700 #1 _aKielevyaynen _gLarisa Mikhailovna 856 4# _auchzapiski.lesgaft.spb.ru _u